Personnages de Valkyrie Apocalypse par images - Statistiques

Statistiques générales
  • Ce quiz a été pris 59 fois
  • Le résultat moyen est 17 sur 20
Statistiques - réponses
Par images Réponse % Correct
Adam
100%
Jack l'Eventreur
100%
Hadès
98%
Poséidon
98%
Thor
98%
Zeus
98%
Nikola Tesla
96%
Shiva
93%
Lu Bu
91%
Apollon
84%
Heracles
84%
Leonidas
84%
Belzebuth
82%
Qin Shi Huang
82%
Bouddha
78%
Kojiro Sasaki
73%
Zerofuku
73%
Tameemon Raiden
67%
Soji Okita
51%
Susanoo
44%
Aucun quiz correspondant
Distribution des résultats
% des personnes avec chaque résultat
Percentile par nombre de réponses
Votre historique - résultats
Vous n’avez pas pris ce quiz